000 01949nam a22002177a 4500
005 20250530122546.0
008 250412b |||||||| |||| 00| 0 eng d
020 _a9789361776670
040 _cSDCL
084 _aV211:28'M R4
100 _aArnold, David
245 _aPolice power and colonial rule :
_bMadras, 1859-1947
250 _a2nd rev. ed.
260 _aDelhi :
_bPrimus Books,
_c2024.
300 _axiv, 391p.
520 _aPolice Power and Colonial Rule analyses the increasing deployment and growing authority of the police in the Madras Presidency of British India, demonstrating the centrality of policing to the colonial regime and its legacies. Beginning with the formation of a colonial constabulary in 1859, the book examines the evolving organization and structure of the force, its racial hierarchies, and response to rapidly changing political and social conditions that led up to Indian independence. Based on cutting-edge research, this work explores the contested role of the police in combating nationalist opposition and labour militancy, and shows how the police, through the formation and expansion of armed units, replaced the military in enforcing internal order and suppressing anti-colonial resistance. The book also examines the impact of colonial policing on both rural and urban society in south India and discusses how nationalists opposed police brutality while ultimately seeking ascendancy over the force. Grounded in India's colonial history, the book is also directly relevant to the critical study of postcolonial India and colonial policing around the world. For this revised edition, the author has written a new Introduction setting out the scope of the work and placing it in the context of recent police studies.
650 _aPolice -- History -- India -- Tamil Nadu
_9811175
650 _aPolice -- India -- Tamil Nadu -- History
_9811176
942 _2CC
_cTEXL
_n0
999 _c1308922
_d1308922